Slovo: spoločensko-politický týždenník

Guardado en:
Detalles Bibliográficos
Formato: Seriadas
Lenguaje:eslovaco
Publicado: Bratislava Občianske združenie Klub Nového slova
Etiquetas: Agregar Etiqueta
Sin Etiquetas, Sea el primero en etiquetar este registro!

MARC

LEADER 00000nas1a2200000 4500
001 0278987
005 20211011130612.8
022 |a 1336-2984 
022 |a 1335-468X 
041 0 |a slo 
044 |a SK 
245 1 0 |a Slovo: spoločensko-politický týždenník 
264 1 |a Bratislava  |b Občianske združenie Klub Nového slova